00510cam a2200181ua 45000010005000000080039000050400009000440410008000530820012000612450064000732500012001372600045001493000016001946530021002106530028002317000036002597000033002959496151120n ii |||gr||||Z||||||asm cMAIN aasm a954.1621 aSwargadeo Rudrasinghar buranjiced. by Jugendra Nath Phukan a1st ed. aGuwahati:bAnwekshan publication,c2014. axxii, 146p. aSouth Asia India aHistory of Rudra Singha aPhukan, Jugendra Nath,eEditor. aBuragohain, Ye Hom,eEditor.